00357nam a2200133Ia 4500003000400000008004100004040001600045082001300061100002500074245005400099260003300153650001500186650002200201GCL140319s9999 xx 000 0 eng d aGCL / cGCL04a843bL L1 aLACLOS, CHADERLAS DE10aLES LIAISONS DANGEREUSES / cLACLOS, CHADERLAS DE a[S.N] : bLAROUSSE ، c198904aLITERATURE04aFRENCH LITERATURE